Innovative approaches to development planning
Αποθηκεύτηκε σε:
| Συγγραφή απο Οργανισμό/Αρχή: | |
|---|---|
| Μορφή: | Βιβλίο |
| Γλώσσα: | English |
| Δημοσίευση: |
Paris :
Unesco,
1988
|
| Σειρά: | Socio-economic studies (Unesco)
; 14 |
| Θέματα: | |
| Ετικέτες: |
Προσθήκη ετικέτας
Δεν υπάρχουν, Καταχωρήστε ετικέτα πρώτοι!
|
MARC
| LEADER | 00000nam a2200000 i 4500 | ||
|---|---|---|---|
| 001 | 1/93767 | ||
| 008 | 980824s1988 eng d | ||
| 020 | |a 92-3-102539-2 | ||
| 035 | |l 10008954 | ||
| 040 | |a GR-MY-UA |b gre |e aacr | ||
| 041 | 0 | |a eng | |
| 082 | 0 | |a 338.9 | |
| 110 | 2 | |a Unesco. | |
| 245 | 1 | 0 | |a Innovative approaches to development planning / |c Unesco |
| 260 | |a Paris : |b Unesco, |c 1988 | ||
| 300 | |a 266 p. | ||
| 490 | 1 | |a Socio-economic studies (Unesco) |v ; 14 | |
| 650 | 0 | 0 | |a Economic development. |
| 830 | 0 | |a Socio-economic studies (Unesco) |v ; 14 | |
| 852 | |a INST |b LESVOS |e 19980824 |h 338.9 ΙΝΝ |p 005100010705 |q 005100010705 |t BK |y 0 | ||
| 909 | |a Λ |b 036508 | ||
| 922 | |a 1ΕΛΗ |b 199409 |c ΣΠΙΛΑΝΗΣ | ||
| 950 | |a 155-1994-04-11 | ||